Top 300 Airports in the US 2023 - Statistics

General Stats
  • This quiz has been taken 45 times
  • The average score is 77 of 301
Answer Stats
Airport Code % Correct
Dallas-Fort Worth International DFW
91%
Los Angeles International LAX
91%
Hartsfield-Jackson Atlanta International ATL
81%
John F. Kennedy International JFK
81%
Denver International DEN
78%
Phoenix Sky Harbor International PHX
75%
Miami International MIA
72%
San Diego International SAN
72%
Seattle-Tacoma International SEA
72%
Austin-Bergstrom International AUS
69%
San Francisco International SFO
69%
St. Louis Lambert International STL
69%
William P. Hobby HOU
66%
LaGuardia Airport LGA
66%
Philadelphia International PHL
66%
Logan International BOS
63%
Minneapolis-St. Paul International MSP
63%
Oakland International OAK
63%
Chicago O'Hare International ORD
63%
Salt Lake City International SLC
63%
Albany International ALB
59%
Dallas Love Field DAL
59%
Indianapolis International IND
59%
Harry Reid International LAS
59%
Pittsburgh International PIT
59%
Tulsa International TUL
59%
Baltimore/Washington International Thurgood Marshall BWI
53%
Lovell Field CHA
53%
Cleveland Hopkins International CLE
53%
Charlotte Douglas International CLT
53%
Memphis International MEM
53%
Ontario International ONT
53%
Nantucket Memorial ACK
50%
Boise Air Terminal/Gowen Field BOI
50%
Ronald Reagan Washington National DCA
50%
El Paso International ELP
50%
Fort Lauderdale-Hollywood International FLL
50%
Orlando International MCO
50%
Raleigh-Durham International RDU
50%
Tampa International TPA
50%
Albuquerque International Sunport ABQ
47%
Billings Logan International BIL
47%
Bismarck Municipal BIS
47%
Buffalo Niagara International BUF
47%
Detroit Metropolitan DTW
47%
Newark Liberty International EWR
47%
Chicago Midway International MDW
47%
Portland International PDX
47%
Richmond International RIC
47%
Savannah/Hilton Head International SAV
47%
Syracuse Hancock International SYR
47%
Washington Dulles International IAD
44%
George Bush Intercontinental IAH
44%
Jackson Hole JAC
44%
Mobile Regional MOB
44%
Rapid City Regional RAP
44%
Ted Stevens Anchorage International ANC
41%
Bob Hope BUR
41%
Fairbanks International FAI
41%
Myrtle Beach International MYR
41%
Palm Beach International PBI
41%
Frederick Douglass/Greater Rochester International ROC
41%
Nashville International BNA
38%
Charleston AFB/International CHS
38%
City of Colorado Springs Municipal COS
38%
Cincinnati/Northern Kentucky International CVG
38%
James M. Cox Dayton International DAY
38%
Fayetteville Regional/Grannis Field FAY
38%
Daniel K. Inouye International HNL
38%
Jacksonville International JAX
38%
Bill and Hillary Clinton National/Adams Field LIT
38%
Kansas City International MCI
38%
Tucson International TUS
38%
Guam International GUM
34%
Idaho Falls Regional IDA
34%
Rhode Island T. F. Green International PVD
34%
Toledo Express TOL
34%
Bradley International BDL
31%
Bethel BET
31%
Long Beach (Daugherty Field) LGB
31%
Lihue LIH
31%
Louis Armstrong New Orleans International MSY
31%
Will Rogers International OKC
31%
Reno/Tahoe International RNO
31%
Roanoke/Blacksburg Regional ROA
31%
San Antonio International SAT
31%
Sacramento International SMF
31%
John Glenn Columbus International CMH
28%
Des Moines International DSM
28%
Huntsville International-Carl T. Jones Field HSV
28%
Manchester Boston Regional MHT
28%
Minot Internatonal MOT
28%
Eppley Airfield OMA
28%
Stockton Metro SCK
28%
Norman Y. Mineta San Jose International SJC
28%
Birmingham-Shuttlesworth International BHM
25%
Charlottesville-Albemarle CHO
25%
Corpus Christi International CRP
25%
Green Bay/Austin Straubel International GRB
25%
Greenville Spartanburg International GSP
25%
Westchester County HPN
25%
Long Island MacArthur ISP
25%
Ellison Onizuka Kona International at Keahole KOA
25%
Capital Region International LAN
25%
General Mitchell International MKE
25%
Melbourne Orlando International MLB
25%
St. Pete-Clearwater International PIE
25%
Tri-Cities PSC
25%
Palm Springs International PSP
25%
Southwest Florida International RSW
25%
Santa Fe Regional SAF
25%
Stewart International SWF
25%
Tallahassee International TLH
25%
Tri-Cities TRI
25%
Rick Husband Amarillo International AMA
22%
Aspen-Pitkin County/Sardy Field ASE
22%
Baton Rouge Metro/Ryan Field BTR
22%
Bozeman Yellowstone International BZN
22%
Daytona Beach International DAB
22%
Duluth International DLH
22%
Fresno Yosemite International FAT
22%
Flagstaff Pulliam FLG
22%
Fort Wayne International FWA
22%
Gerald R. Ford International GRR
22%
Ithaca Tompkins International ITH
22%
Jackson-Medgar Wiley Evers International JAN
22%
Laredo International LRD
22%
Harrisburg International MDT
22%
Santa Barbara Municipal SBA
22%
Louisville Muhammad Ali International SDF
22%
Luis Munoz Marin International SJU
22%
John Wayne/Orange County SNA
22%
Sarasota/Bradenton International SRQ
22%
Cyril E. King STT
22%
McGhee Tyson TYS
22%
Lehigh Valley International ABE
19%
Abilene Regional ABI
19%
Waco Regional ACT
19%
Atlantic City International ACY
19%
Appleton International ATW
19%
Asheville Regional AVL
19%
Bangor International BGR
19%
Bellingham International BLI
19%
Patrick Leahy Burlington International BTV
19%
Columbia Metro CAE
19%
Akron-Canton Regional CAK
19%
The Eastern Iowa CID
19%
University of Illinois/Willard CMI
19%
West Virginia International Yeager CRW
19%
Eagle County Regional EGE
19%
Elmira/Corning Regional ELM
19%
Evansville Regional EVV
19%
Key West International EYW
19%
Hector International FAR
19%
Spokane International GEG
19%
Grand Junction Regional GJT
19%
Gainesville Regional GNV
19%
Glacier Park International GPI
19%
Gulfport-Biloxi International GPT
19%
Great Falls International GTF
19%
Niagara Falls International IAG
19%
Wichita Dwight D. Eisenhower National ICT
19%
Phoenix-Mesa Gateway IWA
19%
Juneau International JNU
19%
Lawton-Fort Sill Regional LAW
19%
Lubbock Preston Smith International LBB
19%
Rickenbacker International LCK
19%
Blue Grass LEX
19%
Lincoln LNK
19%
MBS International MBS
19%
Rogue Valley International/Medford MFR
19%
Montgomery Regional/Dannelly Field MGM
19%
Missoula Montana MSO
19%
Norfolk International ORF
19%
Seattle Paine Field International PAE
19%
Punta Gorda PGD
19%
Newport News/Williamsburg PHF
19%
Pensacola International PNS
19%
Portland International Jetport PWM
19%
South Bend International SBN
19%
Sanford Orlando International SFB
19%
Springfield-Branson National SGF
19%
Shreveport Regional SHV
19%
Trenton Mercer TTN
19%
Alexandria International AEX
16%
Augusta Regional at Bush Field AGS
16%
Scott AFB/Midamerica St. Louis BLV
16%
Central Illinois Regional/Bloomington-Normal BMI
16%
Brownsville/South Padre Island International BRO
16%
Casper/Natrona County International CPR
16%
Northwest Florida Beaches International ECP
16%
Erie International/Tom Ridge Field ERI
16%
Mahlon Sweet Field EUG
16%
Coastal Carolina Regional EWN
16%
Grand Forks International GFK
16%
Robert Gray AAF GRK
16%
Piedmont Triad International GSO
16%
Golden Triangle Regional GTR
16%
Helena Regional HLN
16%
Tweed/New Haven HVN
16%
Wilmington International ILM
16%
Hilo International ITO
16%
Lake Charles Regional LCH
16%
Lafayette Regional/Paul Fournet Field LFT
16%
Midland International Air and Space Port MAF
16%
Quad Cities International MLI
16%
Dane County Regional/Truax Field MSN
16%
Kahului OGG
16%
Worcester Regional ORH
16%
Plattsburgh International PBG
16%
General Downing-Peoria International PIA
16%
Portsmouth International at Pease PSM
16%
Provo Municipal PVU
16%
Redding Regional RDD
16%
Chicago/Rockford International RFD
16%
San Luis Obispo County Regional SBP
16%
St. George Regional SGU
16%
Abraham Lincoln Capital SPI
16%
Charles M. Schulz/Sonoma County STS
16%
Henry E. Rohlson STX
16%
Cherry Capital TVC
16%
Vero Beach Regional VRB
16%
Northwest Arkansas National XNA
16%
Wilkes-Barre/Scranton International AVP
13%
Kalamazoo/Battle Creek International AZO
13%
Bakersfield Meadows Field BFL
13%
Rafael Hernandez BQN
13%
Columbia Regional COU
13%
Central Wisconsin CWA
13%
Durango-La Plata County DRO
13%
Bishop International FNT
13%
Joe Foss Field FSD
13%
Fort Smith Regional FSM
13%
Homer HOM
13%
Valley International HRL
13%
Tri-State/Milton J. Ferguson Field HTS
13%
New Castle ILG
13%
Arnold Palmer Regional LBE
13%
McAllen International MFE
13%
Monroe Regional MLU
13%
Monterey Regional MRY
13%
Martha's Vineyard MVY
13%
Roswell Air Center ROW
13%
Rochester International RST
13%
Salisbury-Ocean City Wicomico SBY
13%
Sitka Rocky Gutierrez SIT
13%
Tyler Pounds Regional TYR
13%
Valdosta Regional VLD
13%
Eglin AFB/Destin-Ft. Walton Beach VPS
13%
Redwood Coast-Humboldt County ACV
9%
Columbus CSG
9%
Central Nebraska Regional GRI
9%
Gunnison-Crested Butte Regional GUC
9%
Yampa Valley HDN
9%
Hagerstown Regional/Richard A. Henson Field HGR
9%
Ketchikan International KTN
9%
La Crosse Regional LSE
9%
Lynchburg Regional LYH
9%
Molokai MKK
9%
Montrose Regional MTJ
9%
Nome OME
9%
Mercedita PSE
9%
Roberts Field RDM
9%
San Angelo Regional/Mathis Field SJT
9%
Friedman Memorial SUN
9%
Stillwater Regional SWO
9%
Texarkana Regional-Webb Field TXK
9%
State College Regional UNV
9%
Williston Basin International XWA
9%
Kodiak ADQ
6%
King Salmon AKN
6%
Greater Binghamton/Edwin A. Link Field BGM
6%
Jack Brooks Regional BPT
6%
Wiley Post-Will Rogers Memorial BRW
6%
Boulder City Municipal BVU
6%
North Central West Virginia CKB
6%
Eassterwood Field CLL
6%
Yellowstone Regional COD
6%
Dothan Regional DHN
6%
Kenai Municipal ENA
6%
East Texas Regional GGG
6%
Francisco C. Ada/Saipan International GSN
6%
Hilton Head HXD
6%
Concord-Padgett Regional JQF
6%
Lanai LNY
6%
Lewiston/Nez Perce County LWS
6%
Manhattan Regional MHK
6%
Merrill Field MRI
6%
Yuma MCAS/Yuma International NYL
6%
Albert J. Ellis OAJ
6%
Kotzebue Ralph Wien Memorial OTZ
6%
Greenville Pitt-Greenville PGV
6%
Pullman/Moscow Regional PUW
6%
Deadhorse SCC
6%
Dillingham DLG
3%
Pago Pago International PPG
3%
Marquette/Sawyer Regional SAW
3%
Grand Canyon West 1G4
0%
Southwest Georgia Regional ABY
0%
Brunswick Golden Isles BQK
0%
Antonio Rivera Rodriguez VQS
0%
No matching quizzes found
Score Distribution
Percent of People with Each Score
Percentile by Number Answered
Your Score History
You have not taken this quiz